| 000 | 00503nam a22001937a 4500 | ||
|---|---|---|---|
| 003 | NUST - PNEC | ||
| 005 | 20170116180750.0 | ||
| 008 | 150307b xxu||||| |||| 00| 0 eng d | ||
| 020 | _a9698015272 | ||
| 040 | _cLIBRARY | ||
| 082 | _a909.829 MAJ | ||
| 100 |
_91637 _aMajeed Tariq |
||
| 245 |
_aThe global game for a new world order _cTariq Majeed |
||
| 250 | _a- | ||
| 260 |
_aLahore _bNadeem Book House _cc1995. |
||
| 300 | _a459 p. : | ||
| 650 |
_91638 _aWorld history _xGeneral |
||
| 942 |
_2ddc _cBK |
||
| 999 |
_c62511 _d62511 |
||